000 00687nam a22002657a 4500
003 UA-OsUOA
001 20522
007 ta
008 20031031b un ||||| |||| 00| 0 ukr d
100 _aТрегубова Т. О.
700 _aМих Р. М.
090 _a911.375(477)
_bТ66
942 _cBK
040 _aUA-OsUOA
_brus
_cUA-OsUOA
_dUA-OsUOA
245 _aЛьвів
_bАрхітектурно-історичний нарис
300 _a272 с.
_bІлюстрації
955 _a0
041 _arus
080 _a911.375(477)
020 _a5-7705-0178-2
260 _aКиїв
_bБудівельник
_c1989
044 _aUA
650 7 _2UDC
999 _c306701
_d306701